| 000 | 00000nam 2200000zi 4500 |
| 001 | 9.947504 |
| 003 | CaOODSP |
| 005 | 20250130144613 |
| 006 | m o d f |
| 007 | cr bn||||||||| |
| 008 | 250129e197907 onc ob f000 0 eng d |
| 040 | |aCaOODSP|beng|erda|cCaOODSP |
| 043 | |an-cn--- |
| 086 | 1 |aDR52-19/13-1979E-PDF |
| 100 | 1 |aRud, R. C., |eauthor. |
| 245 | 10|aHuman factors in high speed low level accidents - a 15 year review / |cR.C. Rud, D.F. Leben. |
| 264 | 1|aDownsview, Ontario : |bDepartment of National Defence, Canada : |bDefence and Civil Institute of Environmental Medicine, |cJuly 1979. |
| 300 | |a1 online resource (10 pages) |
| 336 | |atext|btxt|2rdacontent |
| 337 | |acomputer|bc|2rdamedia |
| 338 | |aonline resource|bcr|2rdacarrier |
| 490 | 1 |aDCIEM report ; |vno. 79R35 |
| 500 | |aDigitized edition from print [produced by Defence R&D Canada]. |
| 504 | |aIncludes bibliographical references (page 8). |
| 610 | 10|aCanada. |bCanadian Armed Forces. |
| 610 | 16|aCanada. |bForces armeĢes canadiennes. |
| 650 | 0|aAircraft accidents|xInvestigation|zCanada. |
| 650 | 6|aAéronautique|xAccidents|xEnquêtes|zCanada. |
| 710 | 2 |aDefence and Civil Institute of Environmental Medicine (Canada), |eissuing body. |
| 710 | 1 |aCanada. |bDepartment of National Defence, |eissuing body. |
| 830 | #0|aDCIEM report ;|vno. 79R35.|w(CaOODSP)9.941842 |
| 856 | 40|qPDF|s1.60 MB|uhttps://publications.gc.ca/collections/collection_2025/rddc-drdc/DR52-19-13-1979-eng.pdf |